<?xml version="1.0" encoding="UTF-8"?>
<collection xmlns="http://www.loc.gov/MARC21/slim">
 <record>
  <leader>01965cam a22004212  4500</leader>
  <controlfield tag="001">1071488333</controlfield>
  <controlfield tag="003">DE-627</controlfield>
  <controlfield tag="005">20240401183528.0</controlfield>
  <controlfield tag="007">tu</controlfield>
  <controlfield tag="008">850101s1954    xx |||||      00| ||ger c</controlfield>
  <datafield tag="035" ind1=" " ind2=" ">
   <subfield code="a">(DE-627)1071488333</subfield>
  </datafield>
  <datafield tag="035" ind1=" " ind2=" ">
   <subfield code="a">(DE-576)001488333</subfield>
  </datafield>
  <datafield tag="035" ind1=" " ind2=" ">
   <subfield code="a">(DE-599)BSZ001488333</subfield>
  </datafield>
  <datafield tag="035" ind1=" " ind2=" ">
   <subfield code="a">(OCoLC)01141325</subfield>
  </datafield>
  <datafield tag="035" ind1=" " ind2=" ">
   <subfield code="a">(DE-604)8019513399</subfield>
  </datafield>
  <datafield tag="040" ind1=" " ind2=" ">
   <subfield code="a">DE-627</subfield>
   <subfield code="b">ger</subfield>
   <subfield code="c">DE-627</subfield>
   <subfield code="e">rakwb</subfield>
  </datafield>
  <datafield tag="041" ind1=" " ind2=" ">
   <subfield code="a">ger</subfield>
  </datafield>
  <datafield tag="084" ind1=" " ind2=" ">
   <subfield code="a">9,10</subfield>
   <subfield code="a">1</subfield>
   <subfield code="2">ssgn</subfield>
  </datafield>
  <datafield tag="084" ind1=" " ind2=" ">
   <subfield code="a">LK 36850</subfield>
   <subfield code="2">rvk</subfield>
   <subfield code="0">(DE-625)rvk/97812:</subfield>
  </datafield>
  <datafield tag="100" ind1="1" ind2=" ">
   <subfield code="a">Beseler, Hartwig</subfield>
   <subfield code="d">1920-2005</subfield>
   <subfield code="0">(DE-588)121757765</subfield>
   <subfield code="0">(DE-627)081515057</subfield>
   <subfield code="0">(DE-576)160275415</subfield>
   <subfield code="4">aut</subfield>
  </datafield>
  <datafield tag="245" ind1="1" ind2="4">
   <subfield code="a">Die Michaeliskirche in Hildesheim</subfield>
   <subfield code="c">Hartwig Beseler; Hans Roggenkamp</subfield>
  </datafield>
  <datafield tag="264" ind1=" " ind2="1">
   <subfield code="a">Berlin</subfield>
   <subfield code="b">Mann</subfield>
   <subfield code="c">1954</subfield>
  </datafield>
  <datafield tag="300" ind1=" " ind2=" ">
   <subfield code="a">181, VI S., [20] Bl.</subfield>
   <subfield code="b">zahlr. Ill., graph. Darst.</subfield>
  </datafield>
  <datafield tag="336" ind1=" " ind2=" ">
   <subfield code="a">Text</subfield>
   <subfield code="b">txt</subfield>
   <subfield code="2">rdacontent</subfield>
  </datafield>
  <datafield tag="337" ind1=" " ind2=" ">
   <subfield code="a">ohne Hilfsmittel zu benutzen</subfield>
   <subfield code="b">n</subfield>
   <subfield code="2">rdamedia</subfield>
  </datafield>
  <datafield tag="338" ind1=" " ind2=" ">
   <subfield code="a">Band</subfield>
   <subfield code="b">nc</subfield>
   <subfield code="2">rdacarrier</subfield>
  </datafield>
  <datafield tag="583" ind1="1" ind2=" ">
   <subfield code="a">Archivierung/Langzeitarchivierung gewährleistet</subfield>
   <subfield code="f">SSG</subfield>
   <subfield code="2">pdager</subfield>
   <subfield code="5">DE-21</subfield>
  </datafield>
  <datafield tag="583" ind1="1" ind2=" ">
   <subfield code="a">Archivierung/Langzeitarchivierung gewährleistet</subfield>
   <subfield code="f">SSG</subfield>
   <subfield code="x">XA-DE-BW</subfield>
   <subfield code="2">pdager</subfield>
   <subfield code="5">DE-16</subfield>
  </datafield>
  <datafield tag="689" ind1="0" ind2="0">
   <subfield code="d">g</subfield>
   <subfield code="0">(DE-588)4215419-4</subfield>
   <subfield code="0">(DE-627)104160314</subfield>
   <subfield code="0">(DE-576)210225556</subfield>
   <subfield code="a">Sankt Michael</subfield>
   <subfield code="g">Hildesheim</subfield>
   <subfield code="2">gnd</subfield>
  </datafield>
  <datafield tag="689" ind1="0" ind2=" ">
   <subfield code="5">(DE-627)</subfield>
  </datafield>
  <datafield tag="700" ind1="1" ind2=" ">
   <subfield code="a">Roggenkamp, Hans</subfield>
   <subfield code="4">aut</subfield>
  </datafield>
  <datafield tag="787" ind1="0" ind2="8">
   <subfield code="i">Rezension</subfield>
   <subfield code="a">Möbius, Friedrich, 1928 - </subfield>
   <subfield code="t">Beseler, Hartwig, Die Michaeliskirche in Hildesheim</subfield>
   <subfield code="d">1958</subfield>
   <subfield code="w">(DE-627)1453890920</subfield>
   <subfield code="w">(DE-576)383890926</subfield>
  </datafield>
  <datafield tag="787" ind1="0" ind2="8">
   <subfield code="i">Rezensiert in</subfield>
   <subfield code="a">Thümmler, Hans, 1910 - 1972</subfield>
   <subfield code="t">[Rezension von: Hartwig Beseler, Hans Roggenkamp, Die Michaeliskirche in Hildesheim]</subfield>
   <subfield code="d">Nürnberg : Carl, 1956</subfield>
   <subfield code="w">(DE-627)1728595088</subfield>
  </datafield>
  <datafield tag="936" ind1="r" ind2="v">
   <subfield code="a">LK 36850</subfield>
   <subfield code="b">Hildesheim</subfield>
   <subfield code="k">Kunstgeschichte</subfield>
   <subfield code="k">Kunst nach Ländern bzw. Kontinenten</subfield>
   <subfield code="k">Deutschland</subfield>
   <subfield code="k">Kunsttopografie Deutschlands</subfield>
   <subfield code="k">Orte Deutschlands</subfield>
   <subfield code="k">Orte H</subfield>
   <subfield code="k">Hildesheim</subfield>
   <subfield code="0">(DE-627)1270877186</subfield>
   <subfield code="0">(DE-625)rvk/97812:</subfield>
   <subfield code="0">(DE-576)200877186</subfield>
  </datafield>
  <datafield tag="951" ind1=" " ind2=" ">
   <subfield code="a">BO</subfield>
  </datafield>
  <datafield tag="990" ind1=" " ind2=" ">
   <subfield code="a">Sankt Michael</subfield>
  </datafield>
  <datafield tag="991" ind1=" " ind2=" ">
   <subfield code="a">Rezensiertes Werk</subfield>
  </datafield>
  <datafield tag="999" ind1=" " ind2=" ">
   <subfield code="a">KXP-PPN1071488333</subfield>
   <subfield code="e">4093815372</subfield>
  </datafield>
 </record>
</collection>
